| 000 | 00571nam a2200193Ia 4500 | ||
|---|---|---|---|
| 005 | 20250923145322.0 | ||
| 008 | 008 250917s9999 xx 000 0 eng d | ||
| 037 | _aTextual | ||
| 040 |
_aDSWL _beng _cDSWL |
||
| 041 |
_aeng _2eng |
||
| 084 |
_aYx2,N57, N70 _qDSWL |
||
| 245 | 0 |
_aContributions to Indians sociology No. IV Dec. 1970 _c Ed.by E.B. Harper |
|
| 260 |
_aDelhi _bVikas Publishing House P. Ltd. _c1970 |
||
| 300 | _a144 p. | ||
| 365 |
_aINR _b13 . 50 |
||
| 925 | _g13 . 50 | ||
| 942 |
_cTEXL _hYx2,N57, N70 |
||
| 999 |
_c1449916 _d1449916 |
||